000 01646cam a2200133 4500500
005 20260329023239.0
041 _afre
042 _adc
100 1 0 _aLemagnent, Cédric
_eauthor
245 0 0 _aDe Clodion le Chevelu au Roi Soleil : Révisez l'histoire de France à partir des surnoms des rois et des reines
260 _bArmand Colin,
_c2020.
520 _aDe l’école primaire à la Terminale, il nous est arrivé de croiser dans nos cours d’histoire des rois et des reines de France. Cependant, si l’on a bien assimilé qu’Henri IV aimait courir la gueuse, que Clovis avait cassé son vase à Soissons ou que François Ier avait remporté la bataille de Marignan, on n’a en revanche jamais eu d’explication quant aux surnoms dont certains d’entre eux ont été affublés : pourquoi Louis le Gros, pourquoi Berthe aux grands pieds ou autre Pépin le bref ? Les manuels d’histoire ne nous renseignent guère sur l’attribution de ces surnoms, qu’ils soient péjoratifs ou au contraire nimbés de gloire. L’auteur propose donc de revisiter l’histoire de France à travers ce prisme en passant en revue toutes les dynasties royales, des Mérovingiens aux Orléans. A travers ces surnoms, c’est la photographie d’une époque qui nous est offerte. D’où venaient ces surnoms ? D’un biographe contemporain ?  Des sujets de Sa Majesté ? Une manière originale et ludique de dresser un tableau sociologique de la France, des premiers rois chrétiens aux derniers souverains.
856 4 1 _uhttps://shs.cairn.info/de-clodion-le-chevelu-au-roi-soleil--9782200626938?lang=fr&redirect-ssocas=7080
999 _c1925773
_d1925773